|
|
|
|
| LEADER |
01397nam a2200301 a 4500 |
| 001 |
2975 |
| 003 |
BD-DhAAL |
| 005 |
20150427120302.0 |
| 008 |
150427s1993 vaua b 001 0 eng |
| 010 |
|
|
|a 92023431
|
| 020 |
|
|
|a 091070189X
|
| 040 |
|
|
|a DLC
|c DLC
|d DLC
|d BD-DhAAL
|
| 050 |
0 |
0 |
|a RA971.3
|b .G37 1993
|
| 082 |
0 |
0 |
|a 362.1/068/1
|2 20
|
| 100 |
1 |
|
|a Gapenski, Louis C.
|9 9090
|
| 245 |
1 |
0 |
|a Understanding health care financial management :
|b text, cases, and models /
|c Louis C. Gapenski.
|
| 260 |
|
|
|a Arlington, VA :
|b AUPHA Press ;
|a Ann Arbor, Mich. :
|b Health Administration Press,
|c 1993.
|
| 300 |
|
|
|a xiv, 761 p. :
|b ill. ;
|c 24 cm.
|
| 504 |
|
|
|a Includes bibliographical references and index.
|
| 541 |
|
|
|e 2975
|
| 650 |
|
0 |
|a Health facilities
|x Business management.
|9 10734
|
| 650 |
|
0 |
|a Health facilities
|z United States
|x Business management.
|9 10735
|
| 650 |
|
0 |
|a Medical care
|z United States
|x Finance.
|9 10736
|
| 650 |
|
0 |
|a Health services administration
|x Economic aspects
|z United States.
|9 10737
|
| 942 |
|
|
|2 ddc
|c BK
|
| 999 |
|
|
|c 34318
|d 34318
|
| 952 |
|
|
|0 0
|1 0
|2 ddc
|4 0
|6 362_106810000000000_GAP
|7 0
|9 53577
|a SCL
|b SCL
|c GEN
|d 2015-04-27
|e Gift: The Asia Foundation
|l 0
|o 362.10681 GAP
|p 3020002975
|r 2015-04-27
|t 1
|w 2015-04-27
|y BK
|
| 952 |
|
|
|0 0
|1 0
|2 ddc
|4 0
|6 362_106810000000000_GAP
|7 0
|9 53735
|a SCL
|b SCL
|c GEN
|d 2015-05-14
|e Gift: The Asia Foundation
|l 0
|o 362.10681 GAP
|p 3020002974
|r 2015-05-14
|t 2
|w 2015-05-14
|y BK
|